Staats-und Gesellschafts-reicht der Französischen Revolution von 1789-1804 / (Record no. 163509)

MARC details
000 -LEADER
campo de control de longitud fija 00794nam a22002052i 4500
001 - NÚMERO DE CONTROL
campo de control 163509
003 - IDENTIFICADOR DE NÚMERO DE CONTROL
campo de control ES-MaACL
005 - FECHA Y HORA DE LA ÚLTIMA TRANSACCIÓN
campo de control 20231103062536.0
008 - DATOS DE LONGITUD FIJA--INFORMACIÓN GENERAL
campo de control de longitud fija 050713m18651866gw | |||||||| ||ger d
040 ## - FUENTE DE CATALOGACIÓN
Centro catalogador/agencia de origen CAM
Lengua de catalogación spa
Centro/agencia transcriptor CAM
100 1# - ENTRADA PRINCIPAL--NOMBRE DE PERSONA
Nombre de persona Richter, Carl.
9 (RLIN) 131800
245 10 - MENCIÓN DEL TÍTULO
Título Staats-und Gesellschafts-reicht der Französischen Revolution von 1789-1804 /
Mención de responsabilidad, etc. dargestellt von Carl Richter.
260 ## - PUBLICACIÓN, DISTRIBUCIÓN, ETC.
Lugar de publicación, distribución, etc. Berlin :
Nombre del editor, distribuidor, etc. Julius Springer,
Fecha de publicación, distribución, etc. 1865-1866 (
Fabricante Joh. Benda & Co.)
300 ## - DESCRIPCIÓN FÍSICA
Extensión 2 v. (X, 499; 699 p.) ;
Dimensiones 23 cm.
490 1# - MENCIÓN DE SERIE
Mención de serie Neuere verfassungs-geschichte der Staaten Europas
651 #4 - PUNTO DE ACCESO ADICIONAL DE MATERIA--NOMBRE GEOGRÁFICO
Nombre geográfico Francia-
Subdivisión general Historia-
Subdivisión cronológica 1789-1799, Revolución
9 (RLIN) 8685
830 0# - PUNTO DE ACCESO ADICIONAL DE SERIE-TÍTULO UNIFORME
Título uniforme Neuere verfassungs-geschichte der Staaten Europas
9 (RLIN) 222278
852 ## - LOCALIZACIÓN
Ubicación ES-MaACL
Número de control de estantería G-2542-43
Nota libre -- Enc. hol.
Holdings
Estatus retirado Estado de pérdida Estado de daño No para préstamo Colección Biblioteca de origen Biblioteca actual Ubicación en estantería Fecha de adquisición Total de préstamos Signatura topográfica completa Código de barras Visto por última vez Precio de reemplazo Tipo de ítem Koha
        Libros del s. XIX Biblioteca del Ateneo de Madrid Biblioteca del Ateneo de Madrid Depósito 2 17/01/2008   G-2542-43 1171340 23/02/2023 23/02/2023 Libro impreso antiguo